000 00506nam a22001937a 4500
003 MPLRDC
005 20220104125717.0
008 210129b ||||| |||| 00| 0 eng d
020 _a7-5007-0310-4
082 _a859.6 ZGMJ-4 v.2
100 _a舒杭丽 改编
245 _a马头琴
_c李晓军 绘画
250 _a一版一刷
260 _a
_b中国少年儿童出版社
_c1988
300 _b
490 _a中国民间故事
650 _a民间故事--中国
942 _cBK
_o859.6 ZGMJ-4 v.2
999 _c29525
_d29515